[Event "FICGS rapid A 000099 email"]
[Site "FICGS email"]
[Date "2011.01.20"]
[Round "1"]
[White "Vaduva, Emil Petre"]
[Black "Mamrukov, Dmitri"]
[Result "1/2-1/2"]
[WhiteElo "1937"]
[BlackElo "2035"]
[PlyCount "123"]
[EventDate "2011.??.??"]
[EventType "tourn (rapid)"]
[EventRounds "6"]
[SourceTitle "Corr 2013"]
[Source "ChessBase"]
[SourceDate "2012.11.12"]
[SourceVersion "1"]
[SourceVersionDate "2012.11.12"]
[SourceQuality "1"]

1. e4 c6 2. d4 d5 3. Nc3 dxe4 4. Nxe4 Bf5 5. Ng3 Bg6 6. h4 h6 7. Nf3 Nd7 8. h5 Bh7 9. Bd3 Bxd3 10. Qxd3 e6 11. Bd2 Ngf6 12. 0-0-0 Be7 13. Ne4 Nxe4 14. Qxe4 Nf6 15. Qe2 Qd5 16. c4 Qe4 17. Qxe4 Nxe4 18. Be3 f5 19. Rhe1 0-0 20. Re2 Rad8 21. Kc2 Bf6 22. Ne5 Bxe5 23. dxe5 Rxd1 24. Kxd1 a6 25. Bb6 Rf7 26. Kc2 Kh7 27. Kd3 Ng5 28. Re1 f4 29. Rh1 Rd7+ 30. Kc2 g6 31. Rh4 Rf7 32. hxg6+ Kxg6 33. f3 Rf5 34. Kd3 Nf7 35. Bc7 c5 36. b3 h5 37. Rh2 Kh6 38. Bb8 Nxe5+ 39. Ke4 Ng6 40. a4 Kg5 41. Rh1 Rf7 42. Bd6 b6 43. a5 Rb7 44. b4 cxb4 45. axb6 Rxb6 46. c5 Rc6 47. Ra1 Kh4 48. Ra4 a5 49. Rxa5 Kg3 50. Rb5 Kxg2 51. Rxb4 h4 52. Rb8 h3 53. Rg8 h2 54. Rxg6+ Kf2 55. Rh6 Kg2 56. Kxf4 h1Q 57. Rxh1 Kxh1 58. Ke5 Kg2 59. f4 Kf3 60. Kxe6 Rxc5 61. Bxc5 Kxf4 62. Be3+ 1/2-1/2